The autobiography of Martin Luther King, Jr / (Record no. 96743)

MARC details
000 -LEADER
campo de control de longitud fija 01136nam a2200265 i 4500
001 - NÚMERO DE CONTROL
campo de control 124800
005 - FECHA Y HORA DE LA ÚLTIMA TRANSACCIÓN
campo de control 20230410143144.0
008 - DATOS DE LONGITUD FIJA--INFORMACIÓN GENERAL
campo de control de longitud fija 170424b2009 nyua 000 0 eng
020 ## - NÚMERO INTERNACIONAL ESTÁNDAR DEL LIBRO
Número Internacional Estándar del Libro 9780349112985
020 ## - NÚMERO INTERNACIONAL ESTÁNDAR DEL LIBRO
Número Internacional Estándar del Libro 0349112983
041 0# - CÓDIGO DE IDIOMA
Código de lengua del texto/banda sonora o título independiente eng.
050 14 - SIGNATURA TOPOGRÁFICA DE LA BIBLIOTECA DEL CONGRESO
Número de clasificación bK52a 2009.
100 1# - ENTRADA PRINCIPAL--NOMBRE DE PERSONA
Nombre de persona King, Martin Luther,
Títulos y otros términos asociados al nombre Jr.,
245 04 - MENCIÓN DEL TÍTULO
Título The autobiography of Martin Luther King, Jr /
Mención de responsabilidad, etc. edited by Clayborne Carson.
260 ## - PUBLICACIÓN, DISTRIBUCIÓN, ETC.
Lugar de publicación, distribución, etc. New York :
Nombre del editor, distribuidor, etc. Intellectual Properties Management ,
Fecha de publicación, distribución, etc. 2009
300 ## - DESCRIPCIÓN FÍSICA
Extensión XI, 400 S. :
Otras características físicas ill ;
Dimensiones 24 cm.
500 ## - NOTA GENERAL
Nota general * Timeless, inspiring and universal words of wisdom, this collection features the milestone speeches, including 'I have a dream...', of Dr. Martin Luther King, Jr., one of the greatest orators of the 20th Century
504 ## - NOTA DE BIBLIOGRAFÍA, ETC.
Nota de bibliografía, etc. Includes bibliographical references (p. [371]-390) and index.
650 #0 - PUNTO DE ACCESO ADICIONAL DE MATERIA--TÉRMINO DE MATERIA
Término de materia o nombre geográfico como elemento de entrada African Americans |v Biography.
650 ## - PUNTO DE ACCESO ADICIONAL DE MATERIA--TÉRMINO DE MATERIA
Término de materia o nombre geográfico como elemento de entrada Civil rights workers |z United States |v Biography.
650 ## - PUNTO DE ACCESO ADICIONAL DE MATERIA--TÉRMINO DE MATERIA
Término de materia o nombre geográfico como elemento de entrada Baptists |z United States |x Clergy |v Biography.
650 ## - PUNTO DE ACCESO ADICIONAL DE MATERIA--TÉRMINO DE MATERIA
Término de materia o nombre geográfico como elemento de entrada African Americans |x Civil rights |x History |y 20th century.
700 1# - ENTRADA AGREGADA--NOMBRE PERSONAL
Nombre de persona Clayborne Carson.
942 ## - ELEMENTOS DE ENTRADA SECUNDARIOS (KOHA)
Fuente del sistema de clasificación o colocación Clasificación de Library of Congress
Tipo de ítem Koha
Holdings
Estatus retirado Estado de pérdida Fuente del sistema de clasificación o colocación Estado de daño No para préstamo Colección Biblioteca de origen Biblioteca actual Ubicación en estantería Fecha de adquisición Signatura topográfica completa Código de barras Visto por última vez Copia número Tipo de ítem Koha
    Clasificación de Library of Congress     Automatización y Procesos Técnicos Biblioteca Juan Bosch Biblioteca Juan Bosch Automatización y Procesos Técnicos (1er. Piso) 10/04/2023 K52a 2009. 00000117814 21/01/2019 1